<?xml version="1.0" encoding="UTF-8"?><?xml-stylesheet type="text/xsl" href="static/style.xsl"?><OAI-PMH xmlns="http://www.openarchives.org/OAI/2.0/" xmlns:xsi="http://www.w3.org/2001/XMLSchema-instance" xsi:schemaLocation="http://www.openarchives.org/OAI/2.0/ http://www.openarchives.org/OAI/2.0/OAI-PMH.xsd"><responseDate>2026-04-27T12:51:31Z</responseDate><request verb="GetRecord" identifier="oai:uvadoc.uva.es:10324/73060" metadataPrefix="marc">https://uvadoc.uva.es/oai/request</request><GetRecord><record><header><identifier>oai:uvadoc.uva.es:10324/73060</identifier><datestamp>2025-03-06T13:56:21Z</datestamp><setSpec>com_10324_1170</setSpec><setSpec>com_10324_931</setSpec><setSpec>com_10324_894</setSpec><setSpec>col_10324_1367</setSpec></header><metadata><record xmlns="http://www.loc.gov/MARC21/slim" xmlns:doc="http://www.lyncode.com/xoai" xmlns:xsi="http://www.w3.org/2001/XMLSchema-instance" xmlns:dcterms="http://purl.org/dc/terms/" xsi:schemaLocation="http://www.loc.gov/MARC21/slim http://www.loc.gov/standards/marcxml/schema/MARC21slim.xsd">
<leader>00925njm 22002777a 4500</leader>
<datafield tag="042" ind1=" " ind2=" ">
<subfield code="a">dc</subfield>
</datafield>
<datafield tag="720" ind1=" " ind2=" ">
<subfield code="a">Pérez Milian, Yisel</subfield>
<subfield code="e">author</subfield>
</datafield>
<datafield tag="720" ind1=" " ind2=" ">
<subfield code="a">Moreau Ortega, Alejandro</subfield>
<subfield code="e">author</subfield>
</datafield>
<datafield tag="720" ind1=" " ind2=" ">
<subfield code="a">Arroyave Roa, Juan Diego</subfield>
<subfield code="e">author</subfield>
</datafield>
<datafield tag="720" ind1=" " ind2=" ">
<subfield code="a">Velez Jaramillo, Jhon Fredy</subfield>
<subfield code="e">author</subfield>
</datafield>
<datafield tag="720" ind1=" " ind2=" ">
<subfield code="a">Paredes Mendez, Xavier</subfield>
<subfield code="e">author</subfield>
</datafield>
<datafield tag="720" ind1=" " ind2=" ">
<subfield code="a">Vega Maza, David</subfield>
<subfield code="e">author</subfield>
</datafield>
<datafield tag="260" ind1=" " ind2=" ">
<subfield code="c">2024</subfield>
</datafield>
<datafield tag="520" ind1=" " ind2=" ">
<subfield code="a">Densities and isobaric heat capacities of DEAE + H2O and EAE + H2O systems are presented in this paper. Density measurements were carried out at high pressure (up to 100 MPa) and temperatures from (293.15 to 393.15) K, with amine mass fractions of 0.1; 0.2; 0.3 and 0.4. These data were gathered using a vibrating tube densimeter (Anton Paar DMA HPM) with a relative expanded uncertainty of ±0.1 % (k = 2). A non-adiabatic quasi-isothermal flow calorimeter was used for isobaric heat capacity measurements with a relative expanded uncertainty better than 1 % (k = 2). Measurements reached pressures up to 25 MPa, and temperatures from (293.15 to 353.15) K, with amine mass fractions of 0.1; 0.2; 0.3 and 0.4. Both amine DEAE + H2O and EAE + H2O systems show a density and isobaric heat capacity decrease with amine mass fraction increase. Density data as a function of temperature, pressure and molality were fitted using a modified Tammann-Tait empirical equation of state. Furthermore, isobaric heat capacity data were correlated using an empirical function of temperature and amine mass fraction, but not pressure due to its lack of sensitivity in the measured data. Both correlations are in good agreement with the uncertainties. Comparison with experimental density data available in literature showed lower deviations than the associated uncertainties. Our isobaric heat capacity experimental data agree well with the scarce literature.</subfield>
</datafield>
<datafield tag="024" ind2=" " ind1="8">
<subfield code="a">Journal of Molecular Liquids, junio 2024, vol. 404, 124851</subfield>
</datafield>
<datafield tag="024" ind2=" " ind1="8">
<subfield code="a">0167-7322</subfield>
</datafield>
<datafield tag="024" ind2=" " ind1="8">
<subfield code="a">https://uvadoc.uva.es/handle/10324/73060</subfield>
</datafield>
<datafield tag="024" ind2=" " ind1="8">
<subfield code="a">10.1016/j.molliq.2024.124851</subfield>
</datafield>
<datafield tag="024" ind2=" " ind1="8">
<subfield code="a">124851</subfield>
</datafield>
<datafield tag="024" ind2=" " ind1="8">
<subfield code="a">Journal of Molecular Liquids</subfield>
</datafield>
<datafield tag="024" ind2=" " ind1="8">
<subfield code="a">404</subfield>
</datafield>
<datafield tag="245" ind1="0" ind2="0">
<subfield code="a">Densities and isobaric heat capacities at high pressures of aqueous solutions of 2-diethylaminoethanol (DEAE) or 2-ethylaminoethanol (EAE) for CO2 capture</subfield>
</datafield>
</record></metadata></record></GetRecord></OAI-PMH>